VFL Wolfsburg Hymne - Immer nur Du - Statistiken

Allgemein
  • Dieses Quiz wurde 34 mal gespielt
  • Das Durchschnittsergebnis liegt bei 87 aus 148
Antwortstatistiken
Antwort % Korrekt
bist
100%
dieser
100%
Du
100%
Ein
100%
ein
100%
jeder
100%
Kind
100%
nicht
100%
oder
100%
seine
100%
Stadt
100%
wegzudenken
100%
Wo
100%
Wurzeln
100%
Zuhause
100%
hat
95%
alle
85%
Bis
85%
eng
85%
Ewigkeit
85%
in
85%
sind
85%
verbunden
85%
Wir
85%
man
80%
seine
80%
Sorgen
80%
vergisst
80%
am
75%
Bei
75%
dir
75%
Fließband
75%
gibts
75%
Hier
75%
man
75%
Raum
75%
und
75%
Verliert
75%
Wunder
75%
Zeit
75%
im
70%
das
65%
Du
65%
fort
65%
Freudentränen
65%
Gefühl
65%
hat
65%
im
65%
Immer
65%
man
65%
Man
65%
nie
65%
nur
65%
Stadion
65%
Und
65%
VFL
65%
wieder
65%
will
65%
den
60%
dir
60%
Du
60%
heulen
60%
Immer
60%
Mit
60%
mit
60%
nur
60%
oder
60%
VFL
60%
Du
55%
Immer
55%
nur
55%
VFL
55%
Wölfen
55%
bist
50%
Denn
50%
DU
50%
du
50%
Du
50%
gewachsen
50%
Immer
50%
Immer
50%
nur
50%
nur
50%
untergehn
50%
VFL
50%
Akkord
45%
der
45%
diese
45%
hat
45%
Du
45%
Du
45%
Genau
45%
große
45%
Immer
45%
Immer
45%
In
45%
kleine
45%
mancher
45%
nur
45%
nur
45%
Oder
45%
so
45%
Stadt
45%
Träume
45%
VFL
45%
VFL
45%
wie
45%
Wir
45%
Wünsche
45%
auch
40%
berührt
40%
da
40%
Das
40%
Das
40%
den
40%
Europa
40%
Helden
40%
holen
40%
immer
40%
laufen
40%
nicht
40%
nur
40%
Pokal
40%
sind
40%
Und
40%
uns
40%
wahr
40%
wenig
40%
wies
40%
wir
40%
wird
40%
Du
35%
es
35%
für
35%
groß
35%
Ihr
35%
lässt
35%
los
35%
machst
35%
mehr
35%
nie
35%
seid
35%
stark
35%
und
35%
uns
35%
uns
35%
unsre
35%
Gefühle
30%
Keine übereinstimmenden Quizze gefunden
Verteilung der Resultate
Anzahl Personen mit jedem Resultat
Perzentil nach korrekt beantworteten Fragen
Ihre Resultats-Entwicklung
Sie haben dieses Quiz noch nicht gespielt